01796nam a2200229 a 4500008004100000020001500041041000800056092002100064100002800085245003200113250001100145260004400156300001100200500009000211505073500301590005301036655002501089942001301114999001501127952020901142952021501351180918s2003 ag |||||||||| 00| 0|spa d a9871106335 aspa c808.88 l13sCOR1 aCortázar, Julio93297 aBestiario /cJulio Cortazar a1a ed. aBuenos Aires:bPunto de lectura;c2003. a165 p. aCortázar, J. (2003). Bestiario. (1a ed.). Buenos Aires : Suma de Letras Argentinas. aBestiario en el primer libro de relatos que Julio Cortázar publica con su auténtico nombre. Pero no hay en estas ocho obras maestras ni el menor balbuceo ni resacas juveniles: son perfectas. Estos cuentos, que hablan de objetos y hechos cotidianos, pasan a la dimensión de la pesadilla o de la revelación de un modo natural e imperceptible. Sorpresa o incomodidad son, en cada texto, un condimento que se agrega al placer indescriptible de su lectura. Sus relatos nos desazonan porque poseen una característica muy rara en la literatura: se nos quedan mirando, como si esperaran algo de nosotros. Después de leer estos verdaderos clásicos del género, nuestra opinión sobre el mundo no puede ser siendo la misma.  aDonacion septiembre 2017, Constanzo Juan Carlos. acuentos cortos93278 2ddccLIT c2445d2445 00102ddc40708NFICaBFMbBFMcCRd2017-09-18e2017-09-18l4m3o808.8 13 CORp3927r2024-03-21s2024-03-06tEj.1w2017-09-18yLITzProyecto 4to Libro. Donación Constanzo Juan Carlos, Septiembre 2017 00102ddc4070aBFMbBFMcCRd2025-07-24eDonación Navarro, Adriana. Julio 2025l1o808.8 13 CORp5056r2025-09-01s2025-07-30tEj. 2w2025-07-24yLITzDonación Navarro, Adriana. Julio 2025. Sede Tordos.f